000 00336nam a22001457a 4500
008 250605b |||||||| |||| 00| 0 eng d
020 _a9782049144
050 _aPL 4563
_b.U 86
100 _aUsman Bukar
245 _aTaskar tatsuniyoyi
260 _aKano
_bGidan dabino
_c2022
300 _a699p
650 _aFiction
942 _cBK
999 _c3799
_d3799